Youth offending and youth justice
| Contributors: | |
|---|---|
| Format: | Print Book |
| Language: | English |
| Published: |
London [u.a.]
Jessica Kingsley Publ.
2009
|
| In: |
Research highlights in social work (52)
Year: 2009 |
| Online Access: |
Table of Contents |
| Availability in Tübingen: | Present in Tübingen. UB: KB 20 A 4032 |
| Check availability: | HBZ Gateway |
| Subito Delivery Service: | Order now. |
| Keywords: |
MARC
| LEADER | 00000cam a2200000 c 4500 | ||
|---|---|---|---|
| 001 | 1382378572 | ||
| 003 | DE-627 | ||
| 005 | 20251225184406.0 | ||
| 007 | tu | ||
| 008 | 091028s2009 xxk||||| 00| ||eng c | ||
| 010 | |a 2009009627 | ||
| 020 | |a 9781843106890 |c pb : alk. paper |9 978-1-84310-689-0 | ||
| 035 | |a (DE-627)1382378572 | ||
| 035 | |a (DE-576)312378572 | ||
| 035 | |a (DE-599)BSZ312378572 | ||
| 035 | |a (OCoLC)698894412 | ||
| 040 | |a DE-627 |b ger |c DE-627 |e rakwb | ||
| 041 | |a eng | ||
| 044 | |c XA-GB | ||
| 050 | 0 | |a HV9145.A5 | |
| 082 | 0 | |a 364.360941 | |
| 245 | 0 | 0 | |a Youth offending and youth justice |c ed. by Monica Barry ... |
| 264 | 1 | |a London [u.a.] |b Jessica Kingsley Publ. |c 2009 | |
| 300 | |a 208 S. | ||
| 336 | |a Text |b txt |2 rdacontent | ||
| 337 | |a ohne Hilfsmittel zu benutzen |b n |2 rdamedia | ||
| 338 | |a Band |b nc |2 rdacarrier | ||
| 490 | 1 | |a Research highlights in social work |v 52 | |
| 500 | |a Includes bibliographical references and index | ||
| 583 | 1 | |a Archivierung prüfen |c 20200919 |f DE-640 |z 2 |2 pdager | |
| 650 | 0 | |a Juvenile Delinquency |x Great Britain | |
| 650 | 0 | |a Juvenile delinquents |x Great Britain | |
| 650 | 0 | |a Juvenile justice, Administration of |x Great Britain | |
| 655 | 7 | |a Aufsatzsammlung |0 (DE-588)4143413-4 |0 (DE-627)105605727 |0 (DE-576)209726091 |2 gnd-content | |
| 689 | 0 | 0 | |d g |0 (DE-588)4022153-2 |0 (DE-627)104665513 |0 (DE-576)208942076 |a Großbritannien |2 gnd |
| 689 | 0 | 1 | |d s |0 (DE-588)4028893-6 |0 (DE-627)106276565 |0 (DE-576)208979999 |a Jugendkriminalität |2 gnd |
| 689 | 0 | |5 (DE-627) | |
| 689 | 1 | 0 | |d g |0 (DE-588)4022153-2 |0 (DE-627)104665513 |0 (DE-576)208942076 |a Großbritannien |2 gnd |
| 689 | 1 | 1 | |d s |0 (DE-588)4162832-9 |0 (DE-627)105459305 |0 (DE-576)209876522 |a Jugendgerichtsbarkeit |2 gnd |
| 689 | 1 | |5 (DE-627) | |
| 700 | 1 | |a Barry, Monica |e Hrsg. |0 (DE-588)1140749978 |0 (DE-627)89866182X |0 (DE-576)184160596 |4 edt | |
| 830 | 0 | |a Research highlights in social work |v 52 |9 52 |w (DE-627)1084010747 |w (DE-576)014010747 |7 am | |
| 856 | 4 | 2 | |u https://swbplus.bsz-bw.de/bsz312378572inh.htm |m B:DE-576;DE-21 |q application/pdf |v 20091221101717 |x Verlag |3 Inhaltsverzeichnis |7 1 |
| 951 | |a BO | ||
| ELC | |b 1 | ||
| LOK | |0 000 xxxxxcx a22 zn 4500 | ||
| LOK | |0 001 261301766X | ||
| LOK | |0 003 DE-627 | ||
| LOK | |0 004 1382378572 | ||
| LOK | |0 005 20091207114307 | ||
| LOK | |0 008 091028||||||||||||||||ger||||||| | ||
| LOK | |0 040 |a DE-21 |c DE-627 |d DE-21 | ||
| LOK | |0 852 |a DE-21 | ||
| LOK | |0 852 1 |c KB 20 A 4032 |9 00 | ||
| LOK | |0 935 |a krim | ||
| LOK | |0 936ln |a k11.1.2.1 | ||
| LOK | |0 938 |a 0912 |f 34 | ||
| LOK | |0 939 |a 28-10-09 |b l01 | ||
| ORI | |a SA-MARC-krimdoka001.raw | ||
| SIG | |a UB: KB 20 A 4032 | ||
| TIM | |a 100017070101_100020261231 |b 1707 - 2026 | ||
